Evolución de la intermediación financiera en Centroamérica

Gespeichert in:
Bibliographische Detailangaben
1. Verfasser: Guerra Borges, Alfredo
Körperschaft: Instituto Centroamericano de Documentación e Investigación Social
Format: Text
Veröffentlicht: San José: ICADIS
Tags: Tag hinzufügen
Keine Tags, Fügen Sie den ersten Tag hinzu!

MARC

LEADER 00000 a a2200000 04500
001 21141
003
040
090 |a 091700  
100 |a Guerra Borges, Alfredo  
110 |a Instituto Centroamericano de Documentación e Investigación Social  
245 |a Evolución de la intermediación financiera en Centroamérica  
260 |a San José:   |b ICADIS  
300 |a 72 p.  
999 |c 14455  |d 14455